00530nam a22001217a 4500082000800000245015800008260001600166650004100182700003100223942001300254999001900267952012200286 a510 aSlip and Radiation Effects for two-Dimensional Oblique Stagnation Point Flow Towards a Stretching Surface in a Viscoelastic FluidcMuhammad Noveel Sadiq. bSNS - NUST, aMathematics - M. Phil Thesis.916594 aDr. Muhammad Sajid.916974 2ddccTHE c527957d527957 00102ddc406510_000000000000000709483094aCLbCLcTHEd2019-08-23l0o510pCL-T-2215r2019-08-23w2019-08-23yTHE